| 000 | 00773cam a22002771 4500 | ||
|---|---|---|---|
| 001 | 33769 | ||
| 003 | BD-RjUL | ||
| 005 | 20211209052045.0 | ||
| 008 | 140511r1975 nyu 001 0 eng d | ||
| 035 | _a(BD-RjUL)33860 | ||
| 035 | _a(OCoLC)972884 | ||
| 040 |
_aDLC _cTxU-Da _dOCoLC _dDLC _dBD-RjUL _beng |
||
| 041 | _aeng | ||
| 082 | 0 | 4 |
_a301.018 _bLUC 1975 |
| 100 | 1 |
_aLundberg, George Andrew, _d1895- _9102541 |
|
| 245 | 1 | 0 |
_aCan science save us? / _cGeorge A. Lundberg |
| 250 | _a2d ed. | ||
| 260 |
_aNew York : _b Greenwood, _c1961[renewed 1975]. |
||
| 300 |
_a150 p. ; _c19 cm. |
||
| 504 | _aincludes index. | ||
| 650 | 0 |
_aScience _xMethodology. _9102542 |
|
| 650 | 0 |
_aSociology. _9102543 |
|
| 942 |
_2ddc _cBK |
||
| 999 |
_c33769 _d33769 |
||